An exposition of Galatians. (Record no. 5785)

000 -LEADER
fixed length control field 00555nam a2200181 a 4500
001 - CONTROL NUMBER
control field :::00003527$&:&@@
003 - CONTROL NUMBER IDENTIFIER
control field OkBaRHE
005 - DATE AND TIME OF LATEST TRANSACTION
control field 20000607103307.0
008 - FIXED-LENGTH DATA ELEMENTS--GENERAL INFORMATION
fixed length control field j 000 0 eng u
040 ## - CATALOGING SOURCE
Transcribing agency
100 1# - MAIN ENTRY--PERSONAL NAME
Personal name Brown, John.
245 13 - TITLE STATEMENT
Title An exposition of Galatians.
260 ## - PUBLICATION, DISTRIBUTION, ETC. (IMPRINT)
Place of publication, distribution, etc Grand Rapids, MI., :
Name of publisher, distributor, etc Christian Classics
Date of publication, distribution, etc nd
300 ## - PHYSICAL DESCRIPTION
Extent 172 p. ;
Dimensions 22 cm.
650 ## - SUBJECT ADDED ENTRY--TOPICAL TERM
Topical term or geographic name as entry element Bible New Testament Galatians
General subdivision Commentaries
942 ## - ADDED ENTRY ELEMENTS (KOHA)
Source of classification or shelving scheme
Koha item type Books
Copies
Permanent Location Date last seen Damaged status Shelving location Withdrawn status Barcode Source of classification or shelving scheme Koha item type Price effective from Copy number Date acquired Full call number Not for loan Lost status
RHEMA Bible Training College2018-04-03 General Stacks 3527 Books2010-04-1412010-04-14BS 2685 .B7